[Event "FRA-chT3"]
[Site "Maisons Alfort"]
[Date "2001.03.31"]
[Round "8.1"]
[White "Piankov, Evgenij"]
[Black "Lupu, Smaranda B"]
[Result "1-0"]
[WhiteElo "2370"]
[BlackElo "2458"]
[PlyCount "111"]
[EventDate "2001.03.31"]
[EventType "team-tourn"]
[EventRounds "9"]
[EventCountry "FRA"]
[SourceTitle "EXT 2003"]
[Source "ChessBase"]
[SourceDate "2002.11.25"]
[SourceVersion "1"]
[SourceVersionDate "2002.11.25"]
[SourceQuality "1"]

1. d4 d6 2. Nf3 Bg4 3. Bg5 h6 4. Bh4 Nd7 5. c3 c5 6. e3 Qb6 7. Qb3 Qxb3 8. axb3 a6 9. Nbd2 Ngf6 10. Bd3 g5 11. Bg3 Nh5 12. Nf1 Be6 13. N3d2 Bg7 14. Be4 d5 15. Bd3 0-0 16. h4 g4 17. Bh2 f5 18. Ng3 Nxg3 19. Bxg3 cxd4 20. cxd4 Nb8 21. Ke2 Nc6 22. Bf4 Nb4 23. Rhc1 Nxd3 24. Kxd3 Bd7 25. Nb1 Kf7 26. Nc3 Ke6 27. Na4 Bb5+ 28. Kd2 Bxa4 29. bxa4 Rfc8 30. Rc3 Rxc3 31. bxc3 Rc8 32. a5 Rc4 33. Kd3 Kd7 34. f3 gxf3 35. gxf3 h5 36. e4 e6 37. Rb1 Kc8 38. Rg1 Bf6 39. Rg6 Bd8 40. Rxe6 Bxa5 41. Bd2 fxe4+ 42. fxe4 Ra4 43. exd5 Ra1 44. Rh6 Rh1 45. Rh8+ Kd7 46. Rxh5 Rh3+ 47. Ke4 Bd8 48. Rh7+ Kc8 49. h5 a5 50. d6 a4 51. Bf4 Bh4 52. Rc7+ Kd8 53. Rxb7 Rxc3 54. Ra7 a3 55. h6 Rh3 56. Be5 1-0

[Event "FRA-chT"]
[Site "France"]
[Date "1996.??.??"]
[Round "?"]
[White "Dubois, Loic"]
[Black "Lupu, Smaranda B"]
[Result "0-1"]
[WhiteElo "2210"]
[BlackElo "2150"]
[PlyCount "90"]
[EventDate "1996.??.??"]
[EventType "team-tourn"]
[EventRounds "11"]
[EventCountry "FRA"]
[SourceTitle "CBM 055 Extra"]
[Source "ChessBase"]
[SourceDate "1997.01.01"]
[SourceVersion "1"]
[SourceVersionDate "1997.01.01"]
[SourceQuality "1"]

1. d4 Nf6 2. Nf3 g6 3. Bg5 Bg7 4. Nbd2 0-0 5. c3 d6 6. e3 h6 7. Bh4 Qe8 8. Bd3 e5 9. Bxf6 Bxf6 10. Qb3 Kh8 11. 0-0-0 Bg7 12. h4 f5 13. dxe5 dxe5 14. Bc4 Nc6 15. Bd5 Na5 16. Qb4 c6 17. Bc4 b6 18. Qd6 e4 19. Nd4 Be5 20. Qa3 c5 21. Bb5 Qe7 22. Nc6 Nxc6 23. Bxc6 Rb8 24. Nb3 Be6 25. Qa4 Rfd8 26. g3 Rd3 27. Rxd3 exd3 28. Rd1 c4 29. Nd4 Bxd4 30. cxd4 Bd5 31. Bb5 Qc7 32. Kd2 a6 33. Bxa6 b5 34. Qb4 Qb6 35. Qc5 Qa5+ 36. Kc1 Qxa2 37. Qa3 Qxa3 38. bxa3 Ra8 39. Bxb5 Rxa3 40. Kd2 Ra5 41. Rb1 Ra2+ 42. Kc3 Rc2+ 43. Kb4 d2 44. Ba4 Rc1 45. Rb2 c3 0-1

[Event "ROM-chT"]
[Site "Baile Herculane"]
[Date "1996.??.??"]
[Round "?"]
[White "Lupu, Smaranda B"]
[Black "Mozes, Ervin"]
[Result "1/2-1/2"]
[WhiteElo "2175"]
[BlackElo "2405"]
[PlyCount "89"]
[EventDate "1996.??.??"]
[EventType "team"]
[EventRounds "5"]
[EventCountry "ROU"]
[SourceTitle "CBM 056 Extra"]
[Source "ChessBase"]
[SourceDate "1997.03.01"]
[SourceVersion "1"]
[SourceVersionDate "1997.03.01"]
[SourceQuality "1"]

1. d4 d6 2. Nf3 f5 3. g3 Nf6 4. Bg2 g6 5. c4 Bg7 6. Nc3 0-0 7. 0-0 Nc6 8. d5 Na5 9. Nd2 c5 10. Qc2 a6 11. b3 Rb8 12. Bb2 b5 13. Rab1 Bd7 14. e3 bxc4 15. bxc4 Ng4 16. Rfe1 Ne5 17. Bf1 Rb4 18. a3 Rb8 19. h3 Nf7 20. f4 Qb6 21. Kh2 Nb3 22. Nf3 Qa5 23. Bd3 Rb7 24. Ng1 Rfb8 25. Nge2 Nd4 26. exd4 cxd4 27. Nb5 axb5 28. c5 dxc5 29. Qxc5 Qd2 30. Red1 Qe3 31. Bxd4 Bxd4 32. Qxd4 Qxd4 33. Nxd4 Nd6 34. Rdc1 Kf7 35. Rb3 Ra8 36. Rcc3 Rxa3 37. Rxa3 b4 38. Nc6 Bxc6 39. dxc6 Rc7 40. Rab3 bxc3 41. Rxc3 Ke6 42. Rc5 Ne8 43. g4 fxg4 44. hxg4 Kd6 45. Rg5 1/2-1/2

[Event "Cappelle op 11th"]
[Site "Cappelle la Grande"]
[Date "1995.??.??"]
[Round "4"]
[White "Lupu, Smaranda B"]
[Black "Tondivar, Babak"]
[Result "1-0"]
[WhiteElo "2125"]
[BlackElo "2350"]
[PlyCount "39"]
[EventDate "1995.03.??"]
[EventType "swiss"]
[EventRounds "9"]
[EventCountry "FRA"]
[SourceTitle "EXT 1997"]
[Source "ChessBase"]
[SourceDate "1996.11.15"]
[SourceVersion "1"]
[SourceVersionDate "1996.11.15"]
[SourceQuality "1"]

1. e4 e6 2. d4 d5 3. e5 c5 4. c3 Qb6 5. Nf3 Bd7 6. Be2 Bb5 7. c4 Bxc4 8. Bxc4 dxc4 9. d5 Ne7 10. dxe6 Qxe6 11. Nc3 Nec6 12. 0-0 h6 13. Nb5 Qd7 14. Qc2 Na6 15. Rd1 Qe6 16. Nd6+ Bxd6 17. Rxd6 Qe7 18. Qxc4 Rc8 19. Qg4 0-0 20. Bxh6 1-0

[Event "ROM-chT"]
[Site "Romania"]
[Date "1994.??.??"]
[Round "?"]
[White "Atalik, Suat"]
[Black "Lupu, Smaranda B"]
[Result "0-1"]
[WhiteElo "2530"]
[BlackElo "2135"]
[PlyCount "94"]
[EventDate "1994.??.??"]
[EventType "team-tourn"]
[EventRounds "10"]
[EventCountry "ROU"]
[SourceTitle "EXT 1997"]
[Source "ChessBase"]
[SourceDate "1996.11.15"]
[SourceVersion "1"]
[SourceVersionDate "1996.11.15"]
[SourceQuality "1"]

1. d4 e6 2. c4 f5 3. g3 Nf6 4. Bg2 Be7 5. Nf3 d6 6. 0-0 0-0 7. Nc3 Qe8 8. b3 a5 9. Bb2 Na6 10. a3 Rb8 11. Qc2 Qh5 12. e4 fxe4 13. Nxe4 Nxe4 14. Qxe4 b5 15. g4 Qg6 16. Qxg6 hxg6 17. Bc1 bxc4 18. bxc4 Rb3 19. Be3 c5 20. Rfb1 Rc3 21. Rc1 Rxc1+ 22. Rxc1 Bb7 23. Ne1 Bxg2 24. Nxg2 Rb8 25. dxc5 Nxc5 26. Nf4 Kf7 27. Rd1 Nd7 28. Bd2 Rc8 29. Bxa5 Rxc4 30. Nd3 Rxg4+ 31. Kf1 Nc5 32. Nxc5 dxc5 33. Rd7 Ke8 34. Ra7 Ra4 35. Bb6 Rxa7 36. Bxa7 Kd7 37. a4 Kc6 38. Bb8 Kb6 39. Be5 Ka5 40. Bxg7 Kxa4 41. Ke2 Kb3 42. Kd3 c4+ 43. Ke4 Bd6 44. h4 c3 45. Bh6 c2 46. Bd2 Kb2 47. f4 Kb1 0-1

[Event "ROM-chT"]
[Site "Romania"]
[Date "1994.??.??"]
[Round "?"]
[White "Bologan, Viktor"]
[Black "Lupu, Smaranda B"]
[Result "0-1"]
[WhiteElo "2585"]
[BlackElo "2135"]
[PlyCount "122"]
[EventDate "1994.??.??"]
[EventType "team-tourn"]
[EventRounds "10"]
[EventCountry "ROU"]
[SourceTitle "EXT 1997"]
[Source "ChessBase"]
[SourceDate "1996.11.15"]
[SourceVersion "1"]
[SourceVersionDate "1996.11.15"]
[SourceQuality "1"]

1. e4 c5 2. Nf3 d6 3. d4 cxd4 4. Nxd4 Nf6 5. Nc3 g6 6. Be2 Bg7 7. 0-0 0-0 8. Re1 Nc6 9. Nb3 Rb8 10. Bf1 Bg4 11. f3 Be6 12. Nd5 b5 13. a4 a6 14. axb5 axb5 15. c3 Qd7 16. Be3 Qb7 17. Nb4 Nxb4 18. cxb4 Qd7 19. Ra7 Rb7 20. Rxb7 Qxb7 21. Na5 Qa6 22. Qd3 Bd7 23. Ra1 Rc8 24. Nb3 Qc6 25. Ra7 Qc2 26. Qxc2 Rxc2 27. Bd4 e5 28. Bc3 Bh6 29. Ra8+ Kg7 30. Bd3 Be3+ 31. Kh1 Rf2 32. Ra1 Nh5 33. Re1 Bb6 34. Nc1 Nf4 35. Bf1 h5 36. g3 Nh3 37. Be2 Rxe2 38. Rxe2 Nf2+ 39. Rxf2 Bxf2 40. Nd3 Be3 41. Kg2 Bc6 42. Kf1 f6 43. Ke2 Bb6 44. Bd2 Kf7 45. Be3 Bd8 46. Nf2 f5 47. h3 Ke6 48. Kd3 Be7 49. Bb6 d5 50. Bc5 dxe4+ 51. fxe4 Bg5 52. exf5+ gxf5 53. h4 Bh6 54. Nh3 f4 55. gxf4 exf4 56. Nf2 Kf5 57. Bd6 Bg2 58. Kd4 Bg7+ 59. Kc5 Bf1 60. Nd1 Bf6 61. Nc3 Bxh4 0-1

[Event "Cappelle op 10th"]
[Site "Cappelle la Grande"]
[Date "1994.??.??"]
[Round "3"]
[White "Brustman, Agnieszka"]
[Black "Lupu, Smaranda B"]
[Result "1-0"]
[WhiteElo "2345"]
[BlackElo "2135"]
[PlyCount "25"]
[EventDate "1994.02.??"]
[EventType "swiss"]
[EventRounds "9"]
[EventCountry "FRA"]
[SourceTitle "EXT 1999"]
[Source "ChessBase"]
[SourceDate "1998.11.16"]
[SourceVersion "1"]
[SourceVersionDate "1998.11.16"]
[SourceQuality "1"]

1. e4 c5 2. Nf3 Nc6 3. d4 cxd4 4. Nxd4 Qc7 5. Nc3 e6 6. Be2 a6 7. 0-0 Nf6 8. Kh1 Bb4 9. Nxc6 dxc6 10. f4 Bxc3 11. bxc3 Nxe4 12. Qd4 f5 13. Bh5+ 1-0

[Event "Val Thorens op"]
[Site "Val Thorens"]
[Date "1994.??.??"]
[Round "7"]
[White "Carletti, Rene"]
[Black "Lupu, Smaranda B"]
[Result "1/2-1/2"]
[WhiteElo "1900"]
[BlackElo "2135"]
[PlyCount "55"]
[EventDate "1994.??.??"]
[EventType "swiss"]
[EventRounds "9"]
[EventCountry "FRA"]
[SourceTitle "EXT 1999"]
[Source "ChessBase"]
[SourceDate "1998.11.16"]
[SourceVersion "1"]
[SourceVersionDate "1998.11.16"]
[SourceQuality "1"]

1. b4 e5 2. Bb2 f6 3. b5 d5 4. e3 Bd6 5. Nf3 Be6 6. d4 e4 7. Nfd2 Ne7 8. c4 c6 9. Nc3 0-0 10. Qb3 Nd7 11. cxd5 cxd5 12. Ncxe4 Bb8 13. Be2 Bf7 14. Nc3 Re8 15. a4 Nf8 16. Bf3 h5 17. Ba3 Nf5 18. 0-0 Qc7 19. g3 h4 20. Ne2 hxg3 21. hxg3 Qd7 22. Kg2 Nh7 23. Rh1 Ng5 24. Rh2 Nxf3 25. Nxf3 Bc7 26. Rah1 Nh6 27. Qd3 Be6 28. Nc3 1/2-1/2

[Event "ROM-chT"]
[Site "Romania"]
[Date "1994.??.??"]
[Round "?"]
[White "Golod, Vitali"]
[Black "Lupu, Smaranda B"]
[Result "1-0"]
[WhiteElo "2510"]
[BlackElo "2135"]
[PlyCount "75"]
[EventDate "1994.??.??"]
[EventType "team-tourn"]
[EventRounds "10"]
[EventCountry "ROU"]
[SourceTitle "EXT 1997"]
[Source "ChessBase"]
[SourceDate "1996.11.15"]
[SourceVersion "1"]
[SourceVersionDate "1996.11.15"]
[SourceQuality "1"]

1. d4 g6 2. c4 Bg7 3. Nc3 d6 4. e4 Nd7 5. Nf3 e5 6. Be2 Nh6 7. Be3 0-0 8. 0-0 f6 9. h3 Nf7 10. Qc2 Ng5 11. Nxg5 fxg5 12. Qd2 exd4 13. Bxg5 Qe8 14. Nd5 Nc5 15. Nxc7 Qc6 16. Nd5 Nxe4 17. Qc2 Re8 18. Ne7+ Rxe7 19. Bxe7 Bf5 20. Bd3 Re8 21. Bh4 Re5 22. Rae1 Nc5 23. Bxf5 Rxf5 24. b4 Nd7 25. Re8+ Nf8 26. Re2 Be5 27. Bg3 Nd7 28. f4 Bg7 29. Qd3 a5 30. a3 axb4 31. axb4 Qb6 32. Be1 Qc6 33. Rf3 Nb6 34. Rc2 Na4 35. Bf2 Qe8 36. Re2 Qf7 37. Bxd4 Rxf4 38. Bxg7 1-0

[Event "Manresa op"]
[Site "Manresa"]
[Date "1994.??.??"]
[Round "8"]
[White "Lupu, Smaranda B"]
[Black "Marin, Mihail"]
[Result "0-1"]
[WhiteElo "2135"]
[BlackElo "2530"]
[PlyCount "64"]
[EventDate "1994.??.??"]
[EventType "swiss"]
[EventRounds "9"]
[EventCountry "ESP"]
[SourceTitle "EXT 2004"]
[Source "ChessBase"]
[SourceDate "2003.11.25"]
[SourceVersion "1"]
[SourceVersionDate "2003.11.25"]
[SourceQuality "1"]

1. e4 c5 2. Nf3 d6 3. d4 Nf6 4. Nc3 cxd4 5. Nxd4 g6 6. Be3 Bg7 7. f3 Nc6 8. Qd2 0-0 9. 0-0-0 d5 10. exd5 Nxd5 11. Nxc6 bxc6 12. Nxd5 cxd5 13. Bh6 Bxh6 14. Qxh6 Qa5 15. Kb1 Rb8 16. b3 Rb6 17. Bd3 Ba6 18. h4 Bxd3 19. Rxd3 Ra6 20. a4 Rb8 21. Qf4 Rb4 22. Qe5 Qxa4 23. Qb2 Qa5 24. h5 Rh4 25. Rhd1 Rxh5 26. g4 Rg5 27. b4 Qb6 28. c4 f6 29. c5 Qb5 30. Rxd5 Rxd5 31. Rxd5 Qf1+ 32. Kc2 Qc4+ 0-1

[Event "Cappelle op 10th"]
[Site "Cappelle la Grande"]
[Date "1994.??.??"]
[Round "1"]
[White "Todorov, Ognjan"]
[Black "Lupu, Smaranda B"]
[Result "1-0"]
[WhiteElo "2400"]
[BlackElo "2135"]
[PlyCount "65"]
[EventDate "1994.02.??"]
[EventType "swiss"]
[EventRounds "9"]
[EventCountry "FRA"]
[SourceTitle "EXT 1999"]
[Source "ChessBase"]
[SourceDate "1998.11.16"]
[SourceVersion "1"]
[SourceVersionDate "1998.11.16"]
[SourceQuality "1"]

1. d4 Nf6 2. Nf3 g6 3. c4 c5 4. Nc3 Bg7 5. g3 b6 6. Bg2 Bb7 7. d5 d6 8. 0-0 0-0 9. e4 Na6 10. Re1 Nc7 11. e5 Nd7 12. Bf4 Ne8 13. e6 fxe6 14. Ng5 Nc7 15. Nb5 Nxb5 16. Nxe6 Qc8 17. cxb5 Bxb2 18. Nxf8 Qxf8 19. Rb1 Bc3 20. Re2 Nf6 21. Rb3 Ba5 22. Bg5 a6 23. Rbe3 Re8 24. Bh3 axb5 25. Bxf6 Qxf6 26. Bd7 Rf8 27. Rxe7 Ba6 28. Be6+ Kh8 29. Ra7 Bc8 30. Bxc8 Rxc8 31. Ree7 h5 32. Qe2 Bc3 33. Re8+ 1-0

[Event "Wattens op 08th"]
[Site "Wattens"]
[Date "1993.??.??"]
[Round "?"]
[White "Berchtold, Clemens"]
[Black "Lupu, Smaranda B"]
[Result "1/2-1/2"]
[WhiteElo "1965"]
[BlackElo "2145"]
[PlyCount "120"]
[EventDate "1993.??.??"]
[EventType "swiss"]
[EventRounds "9"]
[EventCountry "AUT"]
[SourceTitle "EXT 2000"]
[Source "ChessBase"]
[SourceDate "1999.11.16"]
[SourceVersion "1"]
[SourceVersionDate "1999.11.16"]
[SourceQuality "1"]

1. d4 Nf6 2. c4 c5 3. d5 e6 4. Nc3 exd5 5. cxd5 d6 6. e4 g6 7. f4 Bg7 8. Bb5+ Nfd7 9. a4 0-0 10. Nf3 Na6 11. 0-0 Nc7 12. Bd3 a6 13. Kh1 Rb8 14. f5 Ne5 15. Bg5 Bf6 16. Bxf6 Qxf6 17. Nxe5 Qxe5 18. g4 g5 19. f6 h6 20. Qf3 Kh7 21. Qh3 Rg8 22. Rf3 Rg6 23. Qg3 Ne8 24. Raf1 Kh8 25. Qxe5 dxe5 26. h3 Nd6 27. b3 b5 28. axb5 axb5 29. Rb1 Bd7 30. Ra1 c4 31. Ra6 Nb7 32. bxc4 Nc5 33. cxb5 Nxa6 34. bxa6 Rgg8 35. a7 Rb3 36. Bc4 Ra3 37. d6 Be6 38. Bxe6 fxe6 39. Kg2 Rxa7 40. Nb5 Ra2+ 41. Kg3 Rd2 42. f7 Rf8 43. Rf6 Kg7 44. Rxe6 Rxf7 45. Rxe5 Rd3+ 46. Kg2 Rb7 47. Rf5 Rb6 48. Nc7 Rb2+ 49. Kg1 Rg3+ 50. Kf1 Rxh3 51. Ne6+ Kh7 52. Kg1 Rg3+ 53. Kf1 Rd3 54. Rd5 Rh3 55. Kg1 Rg3+ 56. Kf1 Rf3+ 57. Kg1 Re3 58. Rd1 Rg3+ 59. Kh1 Rh3+ 60. Kg1 Rg3+ 1/2-1/2

[Event "ROM-chT"]
[Site "Romania"]
[Date "1993.??.??"]
[Round "3"]
[White "Lupu, Smaranda B"]
[Black "Adoamnei, Roxana Antonela"]
[Result "0-1"]
[WhiteElo "2175"]
[BlackElo "2075"]
[PlyCount "118"]
[EventDate "1993.??.??"]
[EventType "team-tourn"]
[EventRounds "9"]
[EventCountry "ROU"]
[SourceTitle "EXT 1998"]
[Source "ChessBase"]
[SourceDate "1997.11.17"]
[SourceVersion "1"]
[SourceVersionDate "1997.11.17"]
[SourceQuality "1"]

1. e4 c6 2. d4 d5 3. e5 g6 4. Be2 Bg7 5. c3 a6 6. h3 h5 7. Nf3 Nh6 8. Nbd2 Bf5 9. Nf1 Be4 10. Ne3 Bxf3 11. Bxf3 e6 12. g4 hxg4 13. hxg4 Nd7 14. c4 Ng8 15. Rxh8 Bxh8 16. Bd2 g5 17. Qc2 Nf8 18. cxd5 cxd5 19. Rc1 Ne7 20. Qa4+ b5 21. Qa3 Nfg6 22. Ba5 Qb8 23. Nf1 Nf4 24. Rc7 b4 25. Qb3 Qb5 26. Rxe7+ Kxe7 27. Bxb4+ Kd7 28. Bd6 Nd3+ 29. Kd2 Qxb3 30. axb3 Nxf2 31. Ke3 Nh3 32. Nd2 Bg7 33. b4 Bf8 34. Bxf8 Rxf8 35. Be2 Rb8 36. b5 axb5 37. Nf3 Kc6 38. Bf1 Rh8 39. b4 Kb6 40. Bd3 Ra8 41. Bf1 Ra3+ 42. Ke2 Nf4+ 43. Kf2 Ra4 44. Nxg5 Rxb4 45. Ke3 Ng6 46. Nxf7 Rb3+ 47. Bd3 Nf4 48. Kxf4 Rxd3 49. g5 Rxd4+ 50. Kf3 Rd1 51. Kf2 Ra1 52. g6 Ra8 53. Nh6 Kc5 54. g7 b4 55. Ke2 b3 56. Kd2 Kb4 57. g8Q Rxg8 58. Nxg8 Ka3 59. Nf6 b2 0-1

[Event "Lyon op"]
[Site "Lyon"]
[Date "1993.??.??"]
[Round "8"]
[White "Lupu, Smaranda B"]
[Black "Hamdouchi, Hicham"]
[Result "0-1"]
[WhiteElo "2175"]
[BlackElo "2460"]
[PlyCount "62"]
[EventDate "1993.04.??"]
[EventType "swiss"]
[EventRounds "9"]
[EventCountry "FRA"]
[SourceTitle "EXT 1997"]
[Source "ChessBase"]
[SourceDate "1996.11.15"]
[SourceVersion "1"]
[SourceVersionDate "1996.11.15"]
[SourceQuality "1"]

1. e4 c5 2. Nf3 d6 3. d4 cxd4 4. Nxd4 Nf6 5. Nc3 g6 6. Be2 Bg7 7. f4 0-0 8. Nb3 Nc6 9. g4 Be6 10. g5 Nd7 11. Nd5 a5 12. a4 Nb4 13. 0-0 Nb6 14. Nxb4 axb4 15. a5 Nd7 16. Rf3 Qc7 17. Rf2 Nc5 18. Bf3 Bxb3 19. cxb3 Bd4 20. Qxd4 Nxb3 21. Qxb4 Nxa1 22. Bd2 Nc2 23. Qc3 Qc5 24. Qxc5 dxc5 25. e5 Nb4 26. Bxb7 Rxa5 27. Be4 Rd8 28. Bc3 Ra1+ 29. Rf1 Rxf1+ 30. Kxf1 Nd5 31. Bd2 Nxf4 0-1

[Event "ROM-chT"]
[Site "Romania"]
[Date "1993.??.??"]
[Round "7"]
[White "Lupu, Smaranda B"]
[Black "Olarasu, Gabriela"]
[Result "1/2-1/2"]
[WhiteElo "2175"]
[BlackElo "2245"]
[PlyCount "104"]
[EventDate "1993.??.??"]
[EventType "team-tourn"]
[EventRounds "9"]
[EventCountry "ROU"]
[SourceTitle "EXT 1998"]
[Source "ChessBase"]
[SourceDate "1997.11.17"]
[SourceVersion "1"]
[SourceVersionDate "1997.11.17"]
[SourceQuality "1"]

1. e4 e5 2. Nf3 Nc6 3. d4 exd4 4. Nxd4 Nf6 5. Nc3 Bb4 6. Nxc6 bxc6 7. Bd3 d5 8. exd5 cxd5 9. 0-0 0-0 10. Bg5 c6 11. Qf3 Bd6 12. Rae1 Rb8 13. Nd1 a5 14. b3 a4 15. Ne3 Bb4 16. Re2 axb3 17. axb3 h6 18. Bxh6 gxh6 19. Qg3+ Bg4 20. Nxg4 Nxg4 21. Qxg4+ Qg5 22. Qd7 Qf6 23. Re3 Bd6 24. Rfe1 Rfd8 25. Qh3 Ra8 26. g3 Bc5 27. R3e2 Ra1 28. Rxa1 Qxa1+ 29. Kg2 Qf6 30. Qg4+ Kf8 31. Bh7 Qg5 32. Qa4 Qf6 33. Qa5 Bd4 34. h3 Re8 35. Qb4+ c5 36. Rxe8+ Kxe8 37. Qb8+ Ke7 38. f3 Qe5 39. Qxe5+ Bxe5 40. f4 Bc3 41. Kf3 Ke6 42. g4 f6 43. Ke3 Be1 44. Bf5+ Ke7 45. Ke2 Ba5 46. Kd3 c4+ 47. bxc4 dxc4+ 48. Kxc4 Bc7 49. Kd5 Bxf4 50. h4 h5 51. gxh5 Kf7 52. c4 Bg3 1/2-1/2

[Event "Lyon op"]
[Site "Lyon"]
[Date "1993.??.??"]
[Round "3"]
[White "Meinsohn, Pierre"]
[Black "Lupu, Smaranda B"]
[Result "1/2-1/2"]
[WhiteElo "2380"]
[BlackElo "2175"]
[PlyCount "45"]
[EventDate "1993.04.??"]
[EventType "swiss"]
[EventRounds "9"]
[EventCountry "FRA"]
[SourceTitle "EXT 1997"]
[Source "ChessBase"]
[SourceDate "1996.11.15"]
[SourceVersion "1"]
[SourceVersionDate "1996.11.15"]
[SourceQuality "1"]

1. d4 Nf6 2. Nf3 g6 3. Bg5 Bg7 4. Nbd2 d5 5. e3 0-0 6. Be2 c5 7. c3 Qb6 8. Qb3 c4 9. Qa3 Nc6 10. b3 cxb3 11. axb3 h6 12. Bh4 g5 13. Bg3 Bf5 14. 0-0 Ne4 15. Nxe4 Bxe4 16. b4 a6 17. Nd2 Bg6 18. b5 axb5 19. Qxa8 Rxa8 20. Rxa8+ Kh7 21. Nb3 e5 22. Nc5 b4 23. Na4 1/2-1/2

[Event "Odorheiu Secuiesc"]
[Site "Odorheiu Secuiesc"]
[Date "1992.??.??"]
[Round "?"]
[White "Badea, Bela"]
[Black "Lupu, Smaranda B"]
[Result "1/2-1/2"]
[WhiteElo "2395"]
[BlackElo "2205"]
[PlyCount "34"]
[EventDate "1992.??.??"]
[EventType "tourn"]
[EventRounds "13"]
[EventCountry "ROU"]
[EventCategory "5"]
[SourceTitle "EXT 1997"]
[Source "ChessBase"]
[SourceDate "1996.11.15"]
[SourceVersion "1"]
[SourceVersionDate "1996.11.15"]
[SourceQuality "1"]

1. Nf3 g6 2. c4 Bg7 3. Nc3 d6 4. d4 Nd7 5. e4 e5 6. Be2 Ne7 7. 0-0 0-0 8. Re1 h6 9. Rb1 c5 10. dxc5 dxc5 11. Qd6 Nc6 12. Nd5 Re8 13. Qc7 Nf8 14. Qxd8 Rxd8 15. a3 f5 16. Bd3 f4 17. b4 Ne6 1/2-1/2

[Event "ROM-chT"]
[Site "Romania"]
[Date "1992.??.??"]
[Round "?"]
[White "Ionescu, Irina"]
[Black "Lupu, Smaranda B"]
[Result "1/2-1/2"]
[WhiteElo "2180"]
[BlackElo "2205"]
[PlyCount "50"]
[EventDate "1992.??.??"]
[EventType "team"]
[EventRounds "9"]
[EventCountry "ROU"]
[SourceTitle "EXT 1997"]
[Source "ChessBase"]
[SourceDate "1996.11.15"]
[SourceVersion "1"]
[SourceVersionDate "1996.11.15"]
[SourceQuality "1"]

1. e4 c5 2. Nf3 e6 3. d3 Nc6 4. c3 d5 5. Nbd2 Nf6 6. g3 Be7 7. Bg2 0-0 8. 0-0 b6 9. Re1 dxe4 10. dxe4 Bb7 11. Qc2 Qd7 12. e5 Ne8 13. Ne4 Rd8 14. Bf4 Qd3 15. Qxd3 Rxd3 16. Rad1 Ba6 17. Bf1 Rxd1 18. Rxd1 Bxf1 19. Kxf1 Nc7 20. Rd7 Nd5 21. c4 Ndb4 22. a3 Na6 23. Ke2 Rd8 24. Rb7 Rb8 25. Rxb8+ Naxb8 1/2-1/2